000 00791cai a22002055a 4500
001 l157889
008 130625u2013 xxk g 000 0 eng d
035 _a(Sirsi) u157889
041 0 _aeng
100 _aMcCann, Anne
245 0 0 _aFuture Planning
260 _aRICS
_c2013
490 _aRICS Building Control
_v June 2013
520 _aThe article summarises the history of project management in the RICS and how professional and technical standards will drive the profession in the future.
650 2 4 _aBuilding control
_96222
651 4 _aUnited Kingdom
_y
690 _aProject management
_96261
856 4 0 _uhttps://www.rics.org/uk/knowledge/journals/building-control-journal/building-control-journal-june-2013/
_zView the report free of charge at www.rics.org.
942 _n0
999 _c121002
_d121002